000 02383nam a22003497a 4500
003 OSt
005 20260416103116.0
008 260212b mp ||||| |||| 00| 0 mon d
040 _aMN_MNUMS
_bmon
_erda
_cMN_MNUMS
_dMN_MNUMS
043 _aMON
072 _aE09120107
082 _221
_a615.1
_bА 751
100 0 _aАриунзаяа, Дашдоржийн
_eсудлаач
_966570
245 1 0 _aХовд аймгийн жаргалант сумын айл өрхүүдийн гэртээ эм хадгалах дадал, түүнтэй холбоотой хүчин зүйлсийн судалгаа = A household survey of medicine storage practices and associated factors in Jargalant soum, Khovd province:
_bМагистрын зэрэг горилсон судалгааны ажлын төсөл: E09120107 - Эмнэлзүйн Анагаах Ухаан
_c/Судлаач: Дашдоржийн Ариунзаяа; Судалгааны төслийн удирдагч: Анагаах ухааны доктор, профессор П. Цэдэн; Судалгааны төслийн албан ёсны шүүмжлэгч: Анагаах ухааны доктор, дэд профессор С. Мөнхбат.
264 1 _aУлаанбаатар:
_b[Хэвлэлийн газар тодорхойгүй]
_cc2022.
300 _a35 хуудастай:
_bзурагтай, хүснэгттэй
_cc 30 см
336 _2rdacontent
_atext
_btxt
502 _aДиссертаци
_bМагистр
_cАнагаахын Шинжлэх Ухааны Үндэсний Их Сургууль
_d2022
504 _aНом зүйтэй (Хуудас 19-20)
546 _aМонгол
_b(Кирилл)
650 4 _966572
_aайл өрх
650 4 _966573
_aэм хадгалах
650 4 _966574
_aөөрийгөө эмчлэх
650 4 _aховд аймаг
_968928
650 4 _aэм зүй
_927969
700 0 _aЦэдэн, П.
_eудирдагч
_965984
700 0 _aМөнхбат, С.
_eшүүмжлэгч
_967572
710 _aАнагаахын Шинжлэх Ухааны Үндэсний Их Сургууль
_eЭрхэлсэн байгууллага
_935462
856 _zЦАХИМ ХУВИЛБАР УНШИХ
_uhttps://forms.gle/q2CuJQyksPAptoA59
856 _zТОВЧ ХУРААНГУЙ ҮЗЭХ
_uhttps://online.fliphtml5.com/lluzx/nhal/
942 _2ddc
_cSPR
999 _c36600
_d36600